[Event "POR-ch U18"]
[Site "Braga"]
[Date "2013.08.04"]
[Round "3.7"]
[White "Medeiros, Atila Fernandes De"]
[Black "Aderneira, Ricardo Andre C"]
[Result "0-1"]
[WhiteElo "1526"]
[BlackElo "1627"]
[PlyCount "52"]
[EventDate "2013.08.02"]
[EventType "swiss"]
[EventRounds "7"]
[EventCountry "POR"]
[SourceTitle "EXT 2015"]
[Source "ChessBase"]
[SourceDate "2014.11.20"]
[SourceVersion "1"]
[SourceVersionDate "2014.11.20"]
[SourceQuality "1"]

1. e4 c5 2. Nf3 d6 3. d4 cxd4 4. Nxd4 Nf6 5. Nc3 g6 6. Bc4 Bg7 7. Be3 Nc6 8. f3 0-0 9. Qd2 Bd7 10. 0-0-0 Rc8 11. Bb3 a6 12. g4 Ne5 13. Bh6 Nc4 14. Bxc4 Rxc4 15. Bxg7 Kxg7 16. h4 h5 17. gxh5 Nxh5 18. Rdg1 e5 19. Nf5+ Bxf5 20. exf5 Rf4 21. fxg6 fxg6 22. Qd3 R8f5 23. Rh3 Qd7 24. Ne4 Rf8 25. Nxd6 R4f6 26. Ne8+ Qxe8 0-1